01626nam a2200397Ia 4500001001200000003000800012006001900020007001500039008004100054020002500095020002200120020002200142020002500164040002100189035002100210050002400231100002800255245011500283260006000398300002300458490004100481504005100522533015200573650002800725650004700753650004600800650005700846650005000903655002900953700002000982700002201002710001701024830004201041856012601083999001901209ebr10229857CaPaEBRm u cr cn|||||||||080212s2008 enka sb 001 0 eng d z9780335222117 (hbk.) z0335222110 (hbk.) z0335222102 (pbk.) z9780335222100 (pbk.) aCaPaEBRcCaPaEBR a(OCoLC)64674782714aP96.A44bB35 2008eb1 aBailey, Olga G.,d1958-10aUnderstanding alternative mediah[electronic resource] /cOlga Guedes Bailey, Bart Cammaerts, Nico Carpentier. aMaidenhead :bMcGraw Hill/Open University Press,c2008. axv, 196 p. :bill.1 aIssues in cultural and media studies aIncludes bibliographical references and index. aElectronic reproduction.bPalo Alto, Calif. :cebrary,d2009.nAvailable via World Wide Web.nAccess may be limited to ebrary affiliated libraries. 0aAlternative mass media. 0aAlternative mass mediaxPolitical aspects. 0aAlternative mass mediaxEconomic aspects. 0aAlternative mass mediazGreat BritainvCase studies. 0aAlternative mass mediazEuropevCase studies. 7aElectronic books.2local1 aCammaert, Bart.1 aCarpentier, Nico.2 aebrary, Inc. 0aIssues in cultural and media studies.40uhttp://site.ebrary.com/lib/rucke/Doc?id=10229857zAn electronic book accessible through the World Wide Web; click to view c153353d153353